<?xml version="1.0" encoding="UTF-8"?>
<record
    xmlns:xsi="http://www.w3.org/2001/XMLSchema-instance"
    xsi:schemaLocation="http://www.loc.gov/MARC21/slim http://www.loc.gov/standards/marcxml/schema/MARC21slim.xsd"
    xmlns="http://www.loc.gov/MARC21/slim">

  <leader>00489nam a22001817a 4500</leader>
  <datafield tag="999" ind1=" " ind2=" ">
    <subfield code="c">32251</subfield>
    <subfield code="d">32251</subfield>
  </datafield>
  <controlfield tag="008">260109b           ||||| |||| 00| 0 eng d</controlfield>
  <datafield tag="020" ind1=" " ind2=" ">
    <subfield code="a">978-0-07-069967-0</subfield>
  </datafield>
  <datafield tag="041" ind1="0" ind2=" ">
    <subfield code="a">eng</subfield>
  </datafield>
  <datafield tag="082" ind1="0" ind2="0">
    <subfield code="a">621.3104</subfield>
    <subfield code="b">K872</subfield>
  </datafield>
  <datafield tag="100" ind1=" " ind2=" ">
    <subfield code="9">9</subfield>
    <subfield code="a">Kothari, D. P.</subfield>
  </datafield>
  <datafield tag="245" ind1="1" ind2="0">
    <subfield code="a">Electric machines /</subfield>
  </datafield>
  <datafield tag="250" ind1=" " ind2=" ">
    <subfield code="a">4th ed.</subfield>
  </datafield>
  <datafield tag="260" ind1=" " ind2=" ">
    <subfield code="a">New Delhi:</subfield>
    <subfield code="b">Tata McGraw Hill,</subfield>
    <subfield code="c">2012.</subfield>
  </datafield>
  <datafield tag="300" ind1=" " ind2=" ">
    <subfield code="a">914 p.</subfield>
  </datafield>
  <datafield tag="650" ind1=" " ind2="0">
    <subfield code="a">Electric Machinery</subfield>
  </datafield>
  <datafield tag="700" ind1=" " ind2=" ">
    <subfield code="9">2257</subfield>
    <subfield code="a">Nagrath, I. J.</subfield>
  </datafield>
  <datafield tag="942" ind1=" " ind2=" ">
    <subfield code="c">BK</subfield>
  </datafield>
  <datafield tag="952" ind1=" " ind2=" ">
    <subfield code="0">0</subfield>
    <subfield code="1">0</subfield>
    <subfield code="2">ddc</subfield>
    <subfield code="4">0</subfield>
    <subfield code="6">621_310400000000000_K872</subfield>
    <subfield code="7">0</subfield>
    <subfield code="9">60713</subfield>
    <subfield code="a">CL</subfield>
    <subfield code="b">CL</subfield>
    <subfield code="d">2026-01-09</subfield>
    <subfield code="o">621.3104 K872</subfield>
    <subfield code="p">G01575</subfield>
    <subfield code="r">2026-01-09</subfield>
    <subfield code="y">BK</subfield>
  </datafield>
  <datafield tag="952" ind1=" " ind2=" ">
    <subfield code="0">0</subfield>
    <subfield code="1">0</subfield>
    <subfield code="2">ddc</subfield>
    <subfield code="4">0</subfield>
    <subfield code="6">621_310400000000000_K872</subfield>
    <subfield code="7">0</subfield>
    <subfield code="9">60714</subfield>
    <subfield code="a">CL</subfield>
    <subfield code="b">CL</subfield>
    <subfield code="d">2026-01-09</subfield>
    <subfield code="o">621.3104 K872</subfield>
    <subfield code="p">G01576</subfield>
    <subfield code="r">2026-01-09</subfield>
    <subfield code="y">BK</subfield>
  </datafield>
  <datafield tag="952" ind1=" " ind2=" ">
    <subfield code="0">0</subfield>
    <subfield code="1">0</subfield>
    <subfield code="2">ddc</subfield>
    <subfield code="4">0</subfield>
    <subfield code="6">621_310400000000000_K872</subfield>
    <subfield code="7">0</subfield>
    <subfield code="9">60715</subfield>
    <subfield code="a">CL</subfield>
    <subfield code="b">CL</subfield>
    <subfield code="d">2026-01-09</subfield>
    <subfield code="o">621.3104 K872</subfield>
    <subfield code="p">G01577</subfield>
    <subfield code="r">2026-01-09</subfield>
    <subfield code="y">BK</subfield>
  </datafield>
  <datafield tag="952" ind1=" " ind2=" ">
    <subfield code="0">0</subfield>
    <subfield code="1">0</subfield>
    <subfield code="2">ddc</subfield>
    <subfield code="4">0</subfield>
    <subfield code="6">621_310400000000000_K872</subfield>
    <subfield code="7">0</subfield>
    <subfield code="9">60716</subfield>
    <subfield code="a">CL</subfield>
    <subfield code="b">CL</subfield>
    <subfield code="d">2026-01-09</subfield>
    <subfield code="o">621.3104 K872</subfield>
    <subfield code="p">G01578</subfield>
    <subfield code="r">2026-01-09</subfield>
    <subfield code="y">BK</subfield>
  </datafield>
  <datafield tag="952" ind1=" " ind2=" ">
    <subfield code="0">0</subfield>
    <subfield code="1">0</subfield>
    <subfield code="2">ddc</subfield>
    <subfield code="4">0</subfield>
    <subfield code="6">621_310400000000000_K872</subfield>
    <subfield code="7">0</subfield>
    <subfield code="9">60717</subfield>
    <subfield code="a">CL</subfield>
    <subfield code="b">CL</subfield>
    <subfield code="d">2026-01-09</subfield>
    <subfield code="o">621.3104 K872</subfield>
    <subfield code="p">G01579</subfield>
    <subfield code="r">2026-01-09</subfield>
    <subfield code="y">BK</subfield>
  </datafield>
  <datafield tag="952" ind1=" " ind2=" ">
    <subfield code="0">0</subfield>
    <subfield code="1">0</subfield>
    <subfield code="2">ddc</subfield>
    <subfield code="4">0</subfield>
    <subfield code="6">621_310400000000000_K872</subfield>
    <subfield code="7">0</subfield>
    <subfield code="9">60718</subfield>
    <subfield code="a">CL</subfield>
    <subfield code="b">CL</subfield>
    <subfield code="d">2026-01-09</subfield>
    <subfield code="o">621.3104 K872</subfield>
    <subfield code="p">G01580</subfield>
    <subfield code="r">2026-01-09</subfield>
    <subfield code="y">BK</subfield>
  </datafield>
  <datafield tag="952" ind1=" " ind2=" ">
    <subfield code="0">0</subfield>
    <subfield code="1">0</subfield>
    <subfield code="2">ddc</subfield>
    <subfield code="4">0</subfield>
    <subfield code="6">621_310400000000000_K872</subfield>
    <subfield code="7">0</subfield>
    <subfield code="9">60719</subfield>
    <subfield code="a">CL</subfield>
    <subfield code="b">CL</subfield>
    <subfield code="d">2026-01-09</subfield>
    <subfield code="o">621.3104 K872</subfield>
    <subfield code="p">G01581</subfield>
    <subfield code="r">2026-01-09</subfield>
    <subfield code="y">BK</subfield>
  </datafield>
  <datafield tag="952" ind1=" " ind2=" ">
    <subfield code="0">0</subfield>
    <subfield code="1">0</subfield>
    <subfield code="2">ddc</subfield>
    <subfield code="4">0</subfield>
    <subfield code="6">621_310400000000000_K872</subfield>
    <subfield code="7">0</subfield>
    <subfield code="9">60720</subfield>
    <subfield code="a">CL</subfield>
    <subfield code="b">CL</subfield>
    <subfield code="d">2026-01-09</subfield>
    <subfield code="o">621.3104 K872</subfield>
    <subfield code="p">G01582</subfield>
    <subfield code="r">2026-01-09</subfield>
    <subfield code="y">BK</subfield>
  </datafield>
  <datafield tag="952" ind1=" " ind2=" ">
    <subfield code="0">0</subfield>
    <subfield code="1">0</subfield>
    <subfield code="2">ddc</subfield>
    <subfield code="4">0</subfield>
    <subfield code="6">621_310400000000000_K872</subfield>
    <subfield code="7">0</subfield>
    <subfield code="9">60721</subfield>
    <subfield code="a">CL</subfield>
    <subfield code="b">CL</subfield>
    <subfield code="d">2026-01-09</subfield>
    <subfield code="o">621.3104 K872</subfield>
    <subfield code="p">G01583</subfield>
    <subfield code="r">2026-01-09</subfield>
    <subfield code="y">BK</subfield>
  </datafield>
  <datafield tag="952" ind1=" " ind2=" ">
    <subfield code="0">0</subfield>
    <subfield code="1">0</subfield>
    <subfield code="2">ddc</subfield>
    <subfield code="4">0</subfield>
    <subfield code="6">621_310400000000000_K872</subfield>
    <subfield code="7">0</subfield>
    <subfield code="9">60722</subfield>
    <subfield code="a">CL</subfield>
    <subfield code="b">CL</subfield>
    <subfield code="d">2026-01-09</subfield>
    <subfield code="o">621.3104 K872</subfield>
    <subfield code="p">G01584</subfield>
    <subfield code="r">2026-01-09</subfield>
    <subfield code="y">BK</subfield>
  </datafield>
  <datafield tag="952" ind1=" " ind2=" ">
    <subfield code="0">0</subfield>
    <subfield code="1">0</subfield>
    <subfield code="2">ddc</subfield>
    <subfield code="4">0</subfield>
    <subfield code="6">621_310400000000000_K872</subfield>
    <subfield code="7">0</subfield>
    <subfield code="9">60723</subfield>
    <subfield code="a">CL</subfield>
    <subfield code="b">CL</subfield>
    <subfield code="d">2026-01-09</subfield>
    <subfield code="o">621.3104 K872</subfield>
    <subfield code="p">G01585</subfield>
    <subfield code="r">2026-01-09</subfield>
    <subfield code="y">BK</subfield>
  </datafield>
  <datafield tag="952" ind1=" " ind2=" ">
    <subfield code="0">0</subfield>
    <subfield code="1">0</subfield>
    <subfield code="2">ddc</subfield>
    <subfield code="4">0</subfield>
    <subfield code="6">621_310400000000000_K872</subfield>
    <subfield code="7">0</subfield>
    <subfield code="9">60724</subfield>
    <subfield code="a">CL</subfield>
    <subfield code="b">CL</subfield>
    <subfield code="d">2026-01-09</subfield>
    <subfield code="o">621.3104 K872</subfield>
    <subfield code="p">G01586</subfield>
    <subfield code="r">2026-01-09</subfield>
    <subfield code="y">BK</subfield>
  </datafield>
  <datafield tag="952" ind1=" " ind2=" ">
    <subfield code="0">0</subfield>
    <subfield code="1">0</subfield>
    <subfield code="2">ddc</subfield>
    <subfield code="4">0</subfield>
    <subfield code="6">621_310400000000000_K872</subfield>
    <subfield code="7">0</subfield>
    <subfield code="9">60725</subfield>
    <subfield code="a">CL</subfield>
    <subfield code="b">CL</subfield>
    <subfield code="d">2026-01-09</subfield>
    <subfield code="o">621.3104 K872</subfield>
    <subfield code="p">G01587</subfield>
    <subfield code="r">2026-01-09</subfield>
    <subfield code="y">BK</subfield>
  </datafield>
  <datafield tag="952" ind1=" " ind2=" ">
    <subfield code="0">0</subfield>
    <subfield code="1">0</subfield>
    <subfield code="2">ddc</subfield>
    <subfield code="4">0</subfield>
    <subfield code="6">621_310400000000000_K872</subfield>
    <subfield code="7">0</subfield>
    <subfield code="9">60726</subfield>
    <subfield code="a">CL</subfield>
    <subfield code="b">CL</subfield>
    <subfield code="d">2026-01-09</subfield>
    <subfield code="o">621.3104 K872</subfield>
    <subfield code="p">G01588</subfield>
    <subfield code="r">2026-01-09</subfield>
    <subfield code="y">BK</subfield>
  </datafield>
  <datafield tag="952" ind1=" " ind2=" ">
    <subfield code="0">0</subfield>
    <subfield code="1">0</subfield>
    <subfield code="2">ddc</subfield>
    <subfield code="4">0</subfield>
    <subfield code="6">621_310400000000000_K872</subfield>
    <subfield code="7">0</subfield>
    <subfield code="9">60727</subfield>
    <subfield code="a">CL</subfield>
    <subfield code="b">CL</subfield>
    <subfield code="d">2026-01-09</subfield>
    <subfield code="o">621.3104 K872</subfield>
    <subfield code="p">G01589</subfield>
    <subfield code="r">2026-01-09</subfield>
    <subfield code="y">BK</subfield>
  </datafield>
  <datafield tag="952" ind1=" " ind2=" ">
    <subfield code="0">0</subfield>
    <subfield code="1">0</subfield>
    <subfield code="2">ddc</subfield>
    <subfield code="4">0</subfield>
    <subfield code="6">621_310400000000000_K872</subfield>
    <subfield code="7">0</subfield>
    <subfield code="9">60728</subfield>
    <subfield code="a">CL</subfield>
    <subfield code="b">CL</subfield>
    <subfield code="d">2026-01-09</subfield>
    <subfield code="o">621.3104 K872</subfield>
    <subfield code="p">G01590</subfield>
    <subfield code="r">2026-01-09</subfield>
    <subfield code="y">BK</subfield>
  </datafield>
  <datafield tag="952" ind1=" " ind2=" ">
    <subfield code="0">0</subfield>
    <subfield code="1">0</subfield>
    <subfield code="2">ddc</subfield>
    <subfield code="4">0</subfield>
    <subfield code="6">621_310400000000000_K872</subfield>
    <subfield code="7">0</subfield>
    <subfield code="9">60729</subfield>
    <subfield code="a">CL</subfield>
    <subfield code="b">CL</subfield>
    <subfield code="d">2026-01-09</subfield>
    <subfield code="o">621.3104 K872</subfield>
    <subfield code="p">G01591</subfield>
    <subfield code="r">2026-01-09</subfield>
    <subfield code="y">BK</subfield>
  </datafield>
  <datafield tag="952" ind1=" " ind2=" ">
    <subfield code="0">0</subfield>
    <subfield code="1">0</subfield>
    <subfield code="2">ddc</subfield>
    <subfield code="4">0</subfield>
    <subfield code="6">621_310400000000000_K872</subfield>
    <subfield code="7">0</subfield>
    <subfield code="9">60730</subfield>
    <subfield code="a">CL</subfield>
    <subfield code="b">CL</subfield>
    <subfield code="d">2026-01-09</subfield>
    <subfield code="o">621.3104 K872</subfield>
    <subfield code="p">G01592</subfield>
    <subfield code="r">2026-01-09</subfield>
    <subfield code="y">BK</subfield>
  </datafield>
  <datafield tag="952" ind1=" " ind2=" ">
    <subfield code="0">0</subfield>
    <subfield code="1">0</subfield>
    <subfield code="2">ddc</subfield>
    <subfield code="4">0</subfield>
    <subfield code="6">621_310400000000000_K872</subfield>
    <subfield code="7">0</subfield>
    <subfield code="9">60731</subfield>
    <subfield code="a">CL</subfield>
    <subfield code="b">CL</subfield>
    <subfield code="d">2026-01-09</subfield>
    <subfield code="o">621.3104 K872</subfield>
    <subfield code="p">G01593</subfield>
    <subfield code="r">2026-01-09</subfield>
    <subfield code="y">BK</subfield>
  </datafield>
  <datafield tag="952" ind1=" " ind2=" ">
    <subfield code="0">0</subfield>
    <subfield code="1">0</subfield>
    <subfield code="2">ddc</subfield>
    <subfield code="4">0</subfield>
    <subfield code="6">621_310400000000000_K872</subfield>
    <subfield code="7">0</subfield>
    <subfield code="9">60732</subfield>
    <subfield code="a">CL</subfield>
    <subfield code="b">CL</subfield>
    <subfield code="d">2026-01-09</subfield>
    <subfield code="o">621.3104 K872</subfield>
    <subfield code="p">G01594</subfield>
    <subfield code="r">2026-01-09</subfield>
    <subfield code="y">BK</subfield>
  </datafield>
  <datafield tag="952" ind1=" " ind2=" ">
    <subfield code="0">0</subfield>
    <subfield code="1">0</subfield>
    <subfield code="2">ddc</subfield>
    <subfield code="4">0</subfield>
    <subfield code="6">621_310400000000000_K872</subfield>
    <subfield code="7">0</subfield>
    <subfield code="9">60733</subfield>
    <subfield code="a">CL</subfield>
    <subfield code="b">CL</subfield>
    <subfield code="d">2026-01-09</subfield>
    <subfield code="o">621.3104 K872</subfield>
    <subfield code="p">G01595</subfield>
    <subfield code="r">2026-01-09</subfield>
    <subfield code="y">BK</subfield>
  </datafield>
  <datafield tag="952" ind1=" " ind2=" ">
    <subfield code="0">0</subfield>
    <subfield code="1">0</subfield>
    <subfield code="2">ddc</subfield>
    <subfield code="4">0</subfield>
    <subfield code="6">621_310400000000000_K872</subfield>
    <subfield code="7">0</subfield>
    <subfield code="9">60734</subfield>
    <subfield code="a">CL</subfield>
    <subfield code="b">CL</subfield>
    <subfield code="d">2026-01-09</subfield>
    <subfield code="o">621.3104 K872</subfield>
    <subfield code="p">G01596</subfield>
    <subfield code="r">2026-01-09</subfield>
    <subfield code="y">BK</subfield>
  </datafield>
  <datafield tag="952" ind1=" " ind2=" ">
    <subfield code="0">0</subfield>
    <subfield code="1">0</subfield>
    <subfield code="2">ddc</subfield>
    <subfield code="4">0</subfield>
    <subfield code="6">621_310400000000000_K872</subfield>
    <subfield code="7">0</subfield>
    <subfield code="9">60735</subfield>
    <subfield code="a">CL</subfield>
    <subfield code="b">CL</subfield>
    <subfield code="d">2026-01-09</subfield>
    <subfield code="o">621.3104 K872</subfield>
    <subfield code="p">G01597</subfield>
    <subfield code="r">2026-01-09</subfield>
    <subfield code="y">BK</subfield>
  </datafield>
  <datafield tag="952" ind1=" " ind2=" ">
    <subfield code="0">0</subfield>
    <subfield code="1">0</subfield>
    <subfield code="2">ddc</subfield>
    <subfield code="4">0</subfield>
    <subfield code="6">621_310400000000000_K872</subfield>
    <subfield code="7">0</subfield>
    <subfield code="9">60736</subfield>
    <subfield code="a">CL</subfield>
    <subfield code="b">CL</subfield>
    <subfield code="d">2026-01-09</subfield>
    <subfield code="o">621.3104 K872</subfield>
    <subfield code="p">G01598</subfield>
    <subfield code="r">2026-01-09</subfield>
    <subfield code="y">BK</subfield>
  </datafield>
  <datafield tag="952" ind1=" " ind2=" ">
    <subfield code="0">0</subfield>
    <subfield code="1">0</subfield>
    <subfield code="2">ddc</subfield>
    <subfield code="4">0</subfield>
    <subfield code="6">621_310400000000000_K872</subfield>
    <subfield code="7">0</subfield>
    <subfield code="9">60737</subfield>
    <subfield code="a">CL</subfield>
    <subfield code="b">CL</subfield>
    <subfield code="d">2026-01-09</subfield>
    <subfield code="o">621.3104 K872</subfield>
    <subfield code="p">G01599</subfield>
    <subfield code="r">2026-01-09</subfield>
    <subfield code="y">BK</subfield>
  </datafield>
  <datafield tag="952" ind1=" " ind2=" ">
    <subfield code="0">0</subfield>
    <subfield code="1">0</subfield>
    <subfield code="2">ddc</subfield>
    <subfield code="4">0</subfield>
    <subfield code="6">621_310400000000000_K872</subfield>
    <subfield code="7">0</subfield>
    <subfield code="9">60738</subfield>
    <subfield code="a">CL</subfield>
    <subfield code="b">CL</subfield>
    <subfield code="d">2026-01-09</subfield>
    <subfield code="o">621.3104 K872</subfield>
    <subfield code="p">G01600</subfield>
    <subfield code="r">2026-01-09</subfield>
    <subfield code="y">BK</subfield>
  </datafield>
  <datafield tag="952" ind1=" " ind2=" ">
    <subfield code="0">0</subfield>
    <subfield code="1">0</subfield>
    <subfield code="2">ddc</subfield>
    <subfield code="4">0</subfield>
    <subfield code="6">621_310400000000000_K872</subfield>
    <subfield code="7">0</subfield>
    <subfield code="9">60739</subfield>
    <subfield code="a">CL</subfield>
    <subfield code="b">CL</subfield>
    <subfield code="d">2026-01-09</subfield>
    <subfield code="o">621.3104 K872</subfield>
    <subfield code="p">G01601</subfield>
    <subfield code="r">2026-01-09</subfield>
    <subfield code="y">BK</subfield>
  </datafield>
  <datafield tag="952" ind1=" " ind2=" ">
    <subfield code="0">0</subfield>
    <subfield code="1">0</subfield>
    <subfield code="2">ddc</subfield>
    <subfield code="4">0</subfield>
    <subfield code="6">621_310400000000000_K872</subfield>
    <subfield code="7">0</subfield>
    <subfield code="9">60740</subfield>
    <subfield code="a">CL</subfield>
    <subfield code="b">CL</subfield>
    <subfield code="d">2026-01-09</subfield>
    <subfield code="o">621.3104 K872</subfield>
    <subfield code="p">G01602</subfield>
    <subfield code="r">2026-01-09</subfield>
    <subfield code="y">BK</subfield>
  </datafield>
  <datafield tag="952" ind1=" " ind2=" ">
    <subfield code="0">0</subfield>
    <subfield code="1">0</subfield>
    <subfield code="2">ddc</subfield>
    <subfield code="4">0</subfield>
    <subfield code="6">621_310400000000000_K872</subfield>
    <subfield code="7">0</subfield>
    <subfield code="9">60741</subfield>
    <subfield code="a">CL</subfield>
    <subfield code="b">CL</subfield>
    <subfield code="d">2026-01-09</subfield>
    <subfield code="o">621.3104 K872</subfield>
    <subfield code="p">G01603</subfield>
    <subfield code="r">2026-01-09</subfield>
    <subfield code="y">BK</subfield>
  </datafield>
  <datafield tag="952" ind1=" " ind2=" ">
    <subfield code="0">0</subfield>
    <subfield code="1">0</subfield>
    <subfield code="2">ddc</subfield>
    <subfield code="4">0</subfield>
    <subfield code="6">621_310400000000000_K872</subfield>
    <subfield code="7">0</subfield>
    <subfield code="9">60742</subfield>
    <subfield code="a">CL</subfield>
    <subfield code="b">CL</subfield>
    <subfield code="d">2026-01-09</subfield>
    <subfield code="o">621.3104 K872</subfield>
    <subfield code="p">G01604</subfield>
    <subfield code="r">2026-01-09</subfield>
    <subfield code="y">BK</subfield>
  </datafield>
  <datafield tag="952" ind1=" " ind2=" ">
    <subfield code="0">0</subfield>
    <subfield code="1">0</subfield>
    <subfield code="2">ddc</subfield>
    <subfield code="4">0</subfield>
    <subfield code="6">621_310400000000000_K872</subfield>
    <subfield code="7">0</subfield>
    <subfield code="9">60743</subfield>
    <subfield code="a">CL</subfield>
    <subfield code="b">CL</subfield>
    <subfield code="d">2026-01-09</subfield>
    <subfield code="o">621.3104 K872</subfield>
    <subfield code="p">G01605</subfield>
    <subfield code="r">2026-01-09</subfield>
    <subfield code="y">BK</subfield>
  </datafield>
  <datafield tag="952" ind1=" " ind2=" ">
    <subfield code="0">0</subfield>
    <subfield code="1">0</subfield>
    <subfield code="2">ddc</subfield>
    <subfield code="4">0</subfield>
    <subfield code="6">621_310400000000000_K872</subfield>
    <subfield code="7">0</subfield>
    <subfield code="9">60744</subfield>
    <subfield code="a">CL</subfield>
    <subfield code="b">CL</subfield>
    <subfield code="d">2026-01-09</subfield>
    <subfield code="o">621.3104 K872</subfield>
    <subfield code="p">G01606</subfield>
    <subfield code="r">2026-01-09</subfield>
    <subfield code="y">BK</subfield>
  </datafield>
  <datafield tag="952" ind1=" " ind2=" ">
    <subfield code="0">0</subfield>
    <subfield code="1">0</subfield>
    <subfield code="2">ddc</subfield>
    <subfield code="4">0</subfield>
    <subfield code="6">621_310400000000000_K872</subfield>
    <subfield code="7">0</subfield>
    <subfield code="9">60745</subfield>
    <subfield code="a">CL</subfield>
    <subfield code="b">CL</subfield>
    <subfield code="d">2026-01-09</subfield>
    <subfield code="o">621.3104 K872</subfield>
    <subfield code="p">G01607</subfield>
    <subfield code="r">2026-01-09</subfield>
    <subfield code="y">BK</subfield>
  </datafield>
</record>
